| 000 | 00351nam a2200145Ia 4500 | ||
|---|---|---|---|
| 008 | 230917s9999||||xx |||||||||||||| ||und|| | ||
| 040 |
_e154887 _aMAIN |
||
| 041 | _aEnglish | ||
| 082 | _aB R137A | ||
| 100 | _aRajendra Prasad | ||
| 245 | 0 | _aAtamkatha | |
| 260 |
_aNew Delhi _bSasta Sahitya Mandal Prakashan _c1965 |
||
| 300 | _a865 p. | ||
| 942 | _cBK | ||
| 999 |
_c214846 _d214846 |
||